000 00529 a2200193 4500
003 KOHA_MİRAKIL
005 20260330120300.0
008 260330b tu ||||| |||| 00| 0 tur d
020 _a9786056611711
040 _aTR-AnABB
_btur
_cTR-AnABB
041 _atur
082 _a808.06831
_bMOO 2016
100 1 _aMood, Linsday
245 1 0 _aAnne masalları /
_cLindsay Mood
260 _aEdirne :
_bEdirne Belediyesi ,
_c2016
300 _a100 sayfa ;
_c18 cm
900 _bCan ÇELIK
942 _2ddc
_cBK
999 _c10087
_d10087